[Event "Münsterland Open"]
[Site "Senden"]
[Date "2009.10.12"]
[Round "4.2"]
[White "Stets, Dmitry"]
[Black "Hüttemann, Ralf"]
[Result "1-0"]
[WhiteElo "2434"]
[BlackElo "1996"]
[PlyCount "79"]
[EventDate "2009.??.??"]

1. e4 e6 2. d4 d5 3. Nc3 Nf6 4. e5 Nfd7 5. f4 f5 6. exf6 Nxf6 7. Be3 Bb4 8. Bd3
Bd7 9. Nf3 Nc6 10. Qe2 Qe7 11. O-O O-O-O 12. Nd1 Rdf8 13. Nf2 Be8 14. Ne5 Nd8
15. c3 Bd6 16. b4 Kb8 17. a4 Bxe5 18. fxe5 Nd7 19. Qg4 Nf7 20. Nh3 h5 21. Qg3
g5 22. Bxg5 Nxg5 23. Qxg5 Qxg5 24. Nxg5 Rxf1+ 25. Rxf1 Nf8 26. a5 a6 27. Rf6
Bd7 28. h4 Bc8 29. Rf7 Bd7 30. g3 Ba4 31. Rg7 Be8 32. Re7 Ba4 33. Nxe6 Nxe6 34.
Rxe6 Bd1 35. Kf2 Bg4 36. Rf6 Re8 37. Ke3 Re7 38. Kf4 Ka7 39. Bf5 Be2 40. e6 1-0

[Event "Münsterland Open"]
[Site "Senden"]
[Date "2009.10.12"]
[Round "4.3"]
[White "Chilla, Jan Eric"]
[Black "Poetsch, Hagen"]
[Result "1/2-1/2"]
[WhiteElo "2055"]
[BlackElo "2351"]
[PlyCount "71"]
[EventDate "2009.??.??"]

1. d4 d5 2. c4 Nc6 3. Nc3 dxc4 4. d5 Ne5 5. f4 Nd7 6. e4 Nb6 7. a4 a5 8. Be3 e6
9. Bxb6 cxb6 10. Bxc4 Bb4 11. Nf3 Nf6 12. O-O O-O 13. Ne5 Bxc3 14. bxc3 Nxe4
15. Qd4 exd5 16. Bxd5 Nd6 17. Rad1 Qc7 18. g4 Qc5 19. Qxc5 bxc5 20. Ba2 Ra6 21.
f5 h5 22. h3 hxg4 23. hxg4 Ne4 24. Rd3 Rd6 25. Rxd6 Nxd6 26. Rd1 Ne4 27. Bc4
Ng5 28. Kg2 b6 29. Kg3 Re8 30. Ng6 Ne4+ 31. Kf4 Nf2 32. Rd6 Nh3+ 33. Kg3 Ng5
34. Kf4 Nh3+ 35. Kg3 Ng5 36. Kf4 1/2-1/2

[Event "Münsterland Open"]
[Site "Senden"]
[Date "2009.10.12"]
[Round "4.4"]
[White "Solberg, Kirsten"]
[Black "Torres-Kuckel, Rafael"]
[Result "0-1"]
[WhiteElo "2022"]
[BlackElo "2257"]
[PlyCount "62"]
[EventDate "2009.??.??"]

1. e4 c5 2. Nf3 e6 3. d4 cxd4 4. Nxd4 a6 5. Bd3 Qc7 6. O-O Nf6 7. c4 d6 8. Nc3
Nbd7 9. Re1 Be7 10. Be3 b6 11. Rc1 Bb7 12. f3 O-O 13. Bb1 Rac8 14. Re2 Rfe8 15.
b3 Qb8 16. Qf1 Bd8 17. g4 g6 18. Rg2 d5 19. exd5 exd5 20. Nd1 dxc4 21. Rxc4
Rxc4 22. Qxc4 Nd5 23. Re2 b5 24. Qc2 Bb6 25. Bf2 Nf4 26. Rxe8+ Qxe8 27. Qd2
Nh3+ 28. Kg2 Nxf2 29. Nxf2 Nf6 30. Qf4 Nd5 31. Qd2 Qe3 0-1

[Event "Münsterland Open"]
[Site "Senden"]
[Date "2009.10.12"]
[Round "4.6"]
[White "Jacobsen, Henrik"]
[Black "Wittenberg, Andreas"]
[Result "0-1"]
[WhiteElo "1985"]
[BlackElo "2188"]
[PlyCount "150"]
[EventDate "2009.??.??"]

1. d4 d5 2. Nf3 Nf6 3. Bf4 c5 4. e3 Nc6 5. Nbd2 cxd4 6. exd4 Qb6 7. Nb3 Bf5 8.
Bd3 Bxd3 9. Qxd3 Rc8 10. c3 e6 11. O-O Be7 12. h3 O-O 13. Rfe1 a5 14. Nbd2 a4
15. a3 Na5 16. Rab1 Nd7 17. Ng5 Bxg5 18. Bxg5 Rfe8 19. Qg3 Kh8 20. Qf3 f6 21.
Bf4 Qc6 22. Re2 e5 23. Rbe1 Rf8 24. Bh2 e4 25. Qf4 f5 26. Qd6 b5 27. Qxc6 Rxc6
28. f3 Nc4 29. Nf1 Rcf6 30. Bf4 h6 31. h4 Kh7 32. Ne3 Nxe3 33. Rxe3 g6 34. Be5
Re6 35. f4 Nb6 36. R3e2 Nc4 37. g3 Kg8 38. Kg2 Kf7 39. Rb1 Ra8 40. Rf1 Rg8 41.
Rh1 Re7 42. Kf2 Ke6 43. Rh3 Rh7 44. Rh1 Rd8 45. Rc2 Rc8 46. Re2 Rd7 47. Rd1
Rcd8 48. Rc2 Rh7 49. Rh1 Rdd7 50. Re2 g5 51. hxg5 hxg5 52. Rxh7 Rxh7 53. Kg2 g4
54. Bb8 Na5 55. Be5 Nb3 56. Rc2 Rh6 57. Bb8 Kd7 58. Be5 e3 59. Re2 Nd2 60. Rxe3
Nf3 61. Bg7 Rh2+ 62. Kf1 Rxb2 63. Bf8 Nd2+ 64. Ke1 Ne4 65. Kf1 Ke6 66. Bb4 Kf7
67. Kg1 Ke6 68. Kf1 Rf2+ 69. Kg1 Rf3 70. Rxf3 gxf3 71. Kf1 Kf7 72. Kg1 Kg6 73.
Kh2 Kh5 74. Ba5 Kg4 75. Bb4 Nxg3 0-1

[Event "Münsterland Open"]
[Site "Senden"]
[Date "2009.10.12"]
[Round "4.7"]
[White "Günnigmann, Manuel"]
[Black "Müller, Martin"]
[Result "1-0"]
[WhiteElo "2158"]
[BlackElo "2093"]
[PlyCount "49"]
[EventDate "2009.??.??"]

1. e4 d6 2. d4 Nf6 3. Nc3 g6 4. Bc4 Bg7 5. Qe2 Nc6 6. e5 Ng4 7. Bb5 O-O 8. Bxc6
bxc6 9. h3 Nh6 10. Nf3 a5 11. Bf4 c5 12. dxc5 dxc5 13. Rd1 Qe8 14. Qe3 Nf5 15.
Qxc5 Ba6 16. Nd4 Nh4 17. Rg1 Qb8 18. g3 Nf5 19. Nxf5 gxf5 20. b3 Qb7 21. Nd5
Rfd8 22. c4 Kh8 23. Qxe7 Bf8 24. Qf6+ Kg8 25. g4 1-0

[Event "Münsterland Open"]
[Site "Senden"]
[Date "2009.10.12"]
[Round "4.9"]
[White "Hug, Marcel"]
[Black "Woestmann, Ulrich"]
[Result "1-0"]
[WhiteElo "2326"]
[BlackElo "2014"]
[PlyCount "140"]
[EventDate "2009.??.??"]

1. e4 c5 2. c4 Nc6 3. Nc3 g6 4. g3 Bg7 5. Bg2 d6 6. d3 e6 7. Nge2 Nge7 8. O-O
Nd4 9. Nxd4 cxd4 10. Ne2 e5 11. b4 O-O 12. a4 a5 13. Qb3 axb4 14. Qxb4 Nc6 15.
Qb3 Nb8 16. Bd2 Na6 17. Qc2 Bd7 18. Rfb1 Bc6 19. a5 Qd7 20. h4 Nc5 21. Bb4 Ra6
22. Ra3 Rb8 23. Kh2 f5 24. Bxc5 dxc5 25. Ng1 fxe4 26. Bxe4 Bxe4 27. dxe4 Qd8
28. Rb5 Bf8 29. Nf3 Bd6 30. Qb1 b6 31. Rab3 Rxa5 32. Rxb6 Raa8 33. Ne1 Rxb6 34.
Rxb6 Rb8 35. Rb5 Rxb5 36. Qxb5 Qe7 37. Qc6 Kg7 38. Qd5 h6 39. Kg2 Kh7 40. Nd3
g5 41. h5 g4 42. Qc6 Kg7 43. Qc8 Qf7 44. Qxg4+ Kh7 45. Ne1 Kh8 46. Qc8+ Bf8 47.
Nd3 Qe7 48. Qf5 Bg7 49. f4 exf4 50. Nxf4 Qb7 51. Ng6+ Kg8 52. Qe6+ Kh7 53. Ne7
Qa8 54. Qf5+ Kh8 55. Ng6+ Kg8 56. Qe6+ Kh7 57. Nf4 Qa2+ 58. Kh3 Qb1 59. Qf5+
Kg8 60. Qd5+ Kh7 61. Kg4 Qb6 62. e5 Qb1 63. e6 Qd1+ 64. Qf3 Qa4 65. Qe4+ Kg8
66. e7 Qe8 67. Qe6+ Kh8 68. Qe4 Bf6 69. Nd5 Bg7 70. Qg6 Qd7+ 1-0

[Event "Münsterland Open"]
[Site "Senden"]
[Date "2009.10.12"]
[Round "4.10"]
[White "Steiner, Karl"]
[Black "Korth, Daniel"]
[Result "1/2-1/2"]
[WhiteElo "2088"]
[BlackElo "2239"]
[PlyCount "107"]
[EventDate "2009.??.??"]

1. d4 d5 2. Nf3 c6 3. c3 f5 4. Bf4 Nf6 5. e3 e6 6. Nbd2 Nbd7 7. h3 Be7 8. Bd3
b6 9. Qe2 Ne4 10. Ne5 Nxe5 11. Bxe5 O-O 12. O-O-O a5 13. f3 Nxd2 14. Rxd2 Ra7
15. g4 Bf6 16. gxf5 exf5 17. f4 Bxe5 18. dxe5 Qh4 19. Qf2 Qxf2 20. Rxf2 Be6 21.
Rg1 g6 22. h4 Rg7 23. Rfg2 Rff7 24. Be2 Kf8 25. a3 Re7 26. h5 gxh5 27. Rxg7
Rxg7 28. Rxg7 Kxg7 29. Bxh5 Kf8 30. Kd2 c5 31. Ke1 Bd7 32. Bf3 Be6 33. Kf2 Bf7
34. Kg3 Kg7 35. Kh4 Kh6 36. Bd1 Be6 37. Bh5 Kg7 38. Be8 Kh6 39. Bh5 Kg7 40. Kg5
Bd7 41. b3 Be6 42. Bd1 Bd7 43. Bc2 h6+ 44. Kh5 Be6 45. Bd3 Bd7 46. b4 cxb4 47.
cxb4 axb4 48. axb4 Be6 49. Bb5 Kh7 50. Bc6 Kg7 51. Be8 Kh7 52. Bg6+ Kg7 53. Be8
Kh7 54. Bg6+ 1/2-1/2

[Event "Münsterland Open"]
[Site "Senden"]
[Date "2009.10.13"]
[Round "5.1"]
[White "Karpatchev, Aleksandr"]
[Black "Stets, Dmitry"]
[Result "1/2-1/2"]
[WhiteElo "2477"]
[BlackElo "2434"]
[PlyCount "40"]
[EventDate "2009.??.??"]

1. e4 c5 2. c3 Nf6 3. e5 Nd5 4. Nf3 Nc6 5. Bc4 e6 6. d4 cxd4 7. cxd4 d6 8. O-O
Be7 9. Bd2 O-O 10. Nc3 Nxc3 11. Bxc3 dxe5 12. dxe5 Qb6 13. Qd2 Rd8 14. Qf4 Bd7
15. Ng5 Bxg5 16. Qxg5 Na5 17. Bd3 Bb5 18. Bxb5 Qxb5 19. f4 Nc6 20. f5 Nxe5
1/2-1/2

[Event "Münsterland Open"]
[Site "Senden"]
[Date "2009.10.13"]
[Round "5.2"]
[White "Poetsch, Hagen"]
[Black "Günnigmann, Manuel"]
[Result "1-0"]
[WhiteElo "2351"]
[BlackElo "2158"]
[PlyCount "121"]
[EventDate "2009.??.??"]

1. e4 c5 2. Nf3 Nc6 3. d4 cxd4 4. Nxd4 e5 5. Nb5 d6 6. N1c3 a6 7. Na3 b5 8. Nd5
Nce7 9. c4 Nxd5 10. exd5 bxc4 11. Nxc4 Be7 12. Bd2 a5 13. Be3 Rb8 14. Qa4+ Bd7
15. Qxa5 Qxa5+ 16. Nxa5 Nf6 17. Bc4 O-O 18. Bb3 Rfc8 19. O-O Ra8 20. Nc4 Nxd5
21. Nxd6 Bxd6 22. Bxd5 Bc6 23. Rfd1 Bf8 24. Rac1 Bxd5 25. Rxc8 Rxc8 26. Rxd5
Ra8 27. a3 f6 28. Kf1 Kf7 29. Ke2 Ke6 30. Rb5 Kd7 31. Kd3 Kc6 32. Rb6+ Kd5 33.
f3 h5 34. Bd2 Bc5 35. Rb5 Kc6 36. Ra5 Rd8+ 37. Ke2 Bb6 38. Ra4 g6 39. Rc4+ Kd5
40. Rb4 Bc5 41. Rb5 Kc6 42. a4 h4 43. h3 Bd4 44. Rb4 g5 45. Rc4+ Kd5 46. Rc2
Rg8 47. b4 f5 48. Be1 e4 49. fxe4+ fxe4 50. b5 g4 51. a5 gxh3 52. gxh3 e3 53.
b6 Ke4 54. b7 Ba7 55. Rc4+ Kd5 56. Rc8 Rg2+ 57. Kf3 Rb2 58. a6 Rb6 59. Ra8 Rxa6
60. b8=Q Rf6+ 61. Qf4 1-0

[Event "Münsterland Open"]
[Site "Senden"]
[Date "2009.10.13"]
[Round "5.3"]
[White "Torres-Kuckel, Rafael"]
[Black "Chilla, Jan Eric"]
[Result "1/2-1/2"]
[WhiteElo "2257"]
[BlackElo "2055"]
[PlyCount "28"]
[EventDate "2009.??.??"]

1. e4 c5 2. Nf3 d6 3. Bc4 Nf6 4. d3 Nc6 5. c3 e6 6. Bb3 Be7 7. O-O b5 8. Re1 a5
9. a4 b4 10. d4 cxd4 11. cxd4 d5 12. exd5 Nxd5 13. Nbd2 O-O 14. Ne4 Nf6 1/2-1/2

[Event "Münsterland Open"]
[Site "Senden"]
[Date "2009.10.13"]
[Round "5.4"]
[White "Wittenberg, Andreas"]
[Black "Freitag, Julia"]
[Result "0-1"]
[WhiteElo "2188"]
[BlackElo "2202"]
[PlyCount "84"]
[EventDate "2009.??.??"]

1. d4 d5 2. Nf3 e6 3. c4 f5 4. g3 c6 5. Bg2 Bd6 6. O-O Nf6 7. Bf4 Bxf4 8. gxf4
h6 9. e3 Nbd7 10. Nbd2 Rg8 11. cxd5 exd5 12. Ne5 g5 13. Qf3 Nf8 14. Kh1 Ng6 15.
Nxg6 Rxg6 16. Rg1 Qd6 17. Bf1 Bd7 18. fxg5 hxg5 19. Qg3 Qe7 20. Bd3 Ne4 21.
Nxe4 fxe4 22. Bc2 O-O-O 23. f3 Rh8 24. fxe4 Rgh6 25. e5 Rh3 26. Qf2 g4 27. Rg2
Rf3 28. Qg1 Qh4 29. Rf1 Rh3 30. Rf4 Qh6 31. Bd1 g3 32. Bg4 Bxg4 33. Rxg4 Rxh2+
34. Rxh2 Qxh2+ 35. Qxh2 Rxh2+ 36. Kg1 Rxb2 37. a3 a5 38. Rxg3 a4 39. e6 Kd8 40.
Rg7 b5 41. Rd7+ Ke8 42. Rc7 b4 0-1

[Event "Münsterland Open"]
[Site "Senden"]
[Date "2009.10.13"]
[Round "5.5"]
[White "Hofene, Dieter"]
[Black "Hug, Marcel"]
[Result "0-1"]
[WhiteElo "2100"]
[BlackElo "2326"]
[PlyCount "64"]
[EventDate "2009.??.??"]

1. d4 d6 2. c4 e5 3. dxe5 dxe5 4. Qxd8+ Kxd8 5. Nc3 Be6 6. e4 c6 7. f4 exf4 8.
Bxf4 Nd7 9. O-O-O Ne7 10. Nf3 Ng6 11. g3 Bg4 12. Be2 Ke8 13. e5 Nxf4 14. gxf4
g6 15. Ne4 Bh6 16. Neg5 Bxg5 17. fxg5 h6 18. h3 Bxf3 19. Bxf3 Ke7 20. gxh6 Nxe5
21. Rhe1 f6 22. Rd4 Rxh6 23. c5 Rxh3 24. Bd1 Rd8 25. Rb4 Kf8 26. Bc2 Rd7 27.
Rg1 Kf7 28. Bb3+ Ke7 29. Bc2 f5 30. Ra4 a6 31. Rb4 Kf6 32. Rb3 Rxb3 0-1

[Event "Münsterland Open"]
[Site "Senden"]
[Date "2009.10.13"]
[Round "5.6"]
[White "Gottkehaskamp, Philipp"]
[Black "Lehmann, Holger"]
[Result "0-1"]
[WhiteElo "2041"]
[BlackElo "2188"]
[PlyCount "108"]
[EventDate "2009.??.??"]

1. e4 c5 2. Nf3 Nc6 3. d3 g6 4. g3 Bg7 5. Bg2 d6 6. O-O Nf6 7. Re1 O-O 8. c3
Bg4 9. h3 Bxf3 10. Bxf3 Nd7 11. Bg2 a6 12. Be3 Qc7 13. d4 Rab8 14. Na3 b5 15.
Nc2 a5 16. Qd3 b4 17. Rab1 Rfc8 18. cxb4 cxd4 19. Nxd4 Nxb4 20. Qe2 Nxa2 21. h4
Qc4 22. Qd2 Qb4 23. Bh3 Qxd2 24. Bxd2 Bxd4 25. Bxd7 Rc2 26. Red1 Rbxb2 27. Rxb2
Rxb2 28. Be1 Bc3 29. h5 gxh5 30. Kg2 Kg7 31. Kf3 h6 32. Ke3 Bxe1 33. Rxe1 Nb4
34. Rh1 e5 35. Rxh5 Nc2+ 36. Kd3 Nd4 37. f4 f6 38. fxe5 dxe5 39. g4 Rb3+ 40.
Kc4 Rb7 41. Be8 Kf8 42. Bg6 Kg7 43. Be8 Ne6 44. Rh2 Rb4+ 45. Kc3 Rxe4 46. Rb2
Rb4 47. Rxb4 axb4+ 48. Kxb4 Nf4 49. Kc3 h5 50. gxh5 Kh6 51. Kd2 Nxh5 52. Ke3 f5
53. Bd7 Kg5 54. Bc8 Nf6 0-1

[Event "Münsterland Open"]
[Site "Senden"]
[Date "2009.10.13"]
[Round "5.7"]
[White "Stöckmann, Helmut"]
[Black "Kemper, Georg"]
[Result "1/2-1/2"]
[WhiteElo "2137"]
[BlackElo "2011"]
[PlyCount "23"]
[EventDate "2009.??.??"]

1. Nf3 e6 2. e4 d5 3. Nc3 Nf6 4. exd5 exd5 5. d4 Bb4 6. Bd2 O-O 7. Be2 c6 8.
O-O Bg4 9. Ne5 Bxe2 10. Nxe2 Be7 11. Ng3 Nbd7 12. Nxd7 1/2-1/2

[Event "Münsterland Open"]
[Site "Senden"]
[Date "2009.10.13"]
[Round "5.8"]
[White "Hokamp, Sascha"]
[Black "Steinle, Carsten"]
[Result "0-1"]
[WhiteElo "2100"]
[BlackElo "2120"]
[PlyCount "102"]
[EventDate "2009.??.??"]

1. Nf3 b6 2. e4 Bb7 3. Bd3 c5 4. c3 Nc6 5. O-O e6 6. Bc2 Rc8 7. d4 cxd4 8. Nxd4
Qc7 9. Be3 Nf6 10. Nd2 Nxd4 11. Bxd4 Bc5 12. Bd3 e5 13. Bxc5 Qxc5 14. Qe2 O-O
15. Ba6 Bxa6 16. Qxa6 d5 17. Rfe1 Rfe8 18. h3 Qc6 19. Qe2 dxe4 20. Nxe4 Nd5 21.
Qf3 f6 22. c4 Nf4 23. Rad1 Red8 24. g3 Rxd1 25. Rxd1 f5 26. gxf4 fxe4 27. Qg4
exf4 28. Qxf4 Rf8 29. Qe3 Qxc4 30. b3 Qe6 31. Rd4 Re8 32. Kf1 h6 33. Ke2 Qg6
34. Rd7 Qh5+ 35. Ke1 Qa5+ 36. Qd2 Qa3 37. Qd5+ Kh8 38. Rd8 Qc1+ 39. Qd1 Qc3+
40. Qd2 Qe5 41. Rd5 Qa1+ 42. Ke2 e3 43. fxe3 Rf8 44. Kd3 Qh1 45. Kc3 Qxh3 46.
Kb4 Re8 47. Rd3 Qf3 48. Qc3 Qf8+ 49. Kb5 Rc8 50. Qd2 Rc5+ 51. Ka6 Qc8+ 0-1

[Event "Münsterland Open"]
[Site "Senden"]
[Date "2009.10.13"]
[Round "5.9"]
[White "Hüttemann, Ralf"]
[Black "Virnyi, Julius"]
[Result "1-0"]
[WhiteElo "1996"]
[BlackElo "2115"]
[PlyCount "145"]
[EventDate "2009.??.??"]

1. d4 Nf6 2. Nf3 g6 3. c4 Bg7 4. Nc3 O-O 5. g3 d6 6. Bg2 c6 7. O-O Bf5 8. Re1
Ne4 9. Ng5 Nxg5 10. Bxg5 h6 11. Bc1 e5 12. d5 c5 13. e4 Bc8 14. Be3 f5 15. Qd2
Kh7 16. f3 Nd7 17. a3 Nf6 18. b4 b6 19. Rab1 f4 20. Bf2 h5 21. Rb3 g5 22. gxf4
exf4 23. bxc5 bxc5 24. e5 dxe5 25. Rxe5 Ng4 26. Qd3+ Kh8 27. fxg4 Bxe5 28. Bxc5
Bxg4 29. Be4 f3 30. Rb7 Qf6 31. Bxf3 Bxh2+ 32. Kf2 Qxf3+ 33. Qxf3 Rxf3+ 34. Kg2
Be5 35. Ne4 Rg8 36. Re7 Rf5 37. Rxe5 Bf3+ 38. Kg1 Bxe4 39. Rxe4 Rf7 40. d6 Kh7
41. Bd4 Kg6 42. c5 Rc8 43. Re1 Rd7 44. Kg2 Rf7 45. Bg1 h4 46. Rc1 Rc6 47. Rd1
Rd7 48. Kh3 Ra6 49. a4 Kf6 50. a5 Ke6 51. Bh2 Rf7 52. Kg4 Kd7 53. Kxg5 Rxa5 54.
Kg6 Rf8 55. Kg7 Rc8 56. Rf1 Rcxc5 57. Rf7+ Kd8 58. Rf8+ Kd7 59. Rf7+ Kc8 60.
Rf8+ Kb7 61. Rb8+ Kc6 62. Kf6 Kd7 63. Rb7+ Kd8 64. Ke6 Ra6 65. Rh7 Kc8 66. Ke7
Rd5 67. Rxh4 Ra2 68. Rh8+ Kb7 69. Ke6 Rad2 70. Rh7+ Kc6 71. Rc7+ Kb6 72. Bg1+
Ka6 73. Rxa7+ 1-0

[Event "Münsterland Open"]
[Site "Senden"]
[Date "2009.10.13"]
[Round "5.10"]
[White "Seegers, Hendrik"]
[Black "Solberg, Kirsten"]
[Result "1-0"]
[WhiteElo "2241"]
[BlackElo "2022"]
[PlyCount "83"]
[EventDate "2009.??.??"]

1. d4 d5 2. Nf3 Nf6 3. Bf4 Bf5 4. e3 e6 5. Bd3 Bd6 6. O-O O-O 7. c3 c6 8. Qc2
Bxd3 9. Qxd3 Qc7 10. Bg5 Ne4 11. Bh4 Nd7 12. Nbd2 f5 13. Rfe1 Rae8 14. Rad1 g5
15. Bxg5 Nxg5 16. Nxg5 Bxh2+ 17. Kf1 h6 18. Nh3 Rf6 19. Nf3 Bd6 20. Ke2 e5 21.
dxe5 Bxe5 22. g3 Nc5 23. Qc2 Ne4 24. Nf4 Bxf4 25. gxf4 Qa5 26. Rg1+ Kf8 27. Ne5
Qa6+ 28. Kf3 Ke7 29. Rg7+ Kd8 30. c4 Kc8 31. cxd5 c5 32. b4 Qd6 33. Qa4 Ref8
34. Qxa7 Qa6 35. Qxa6 bxa6 36. bxc5 Rd8 37. d6 Rff8 38. Rc7+ Kb8 39. Rb1+ Ka8
40. Rbb7 Nxc5 41. Ra7+ Kb8 42. Nc6# 1-0

[Event "Münsterland Open"]
[Site "Senden"]
[Date "2009.10.14"]
[Round "6.1"]
[White "Stets, Dmitry"]
[Black "Poetsch, Hagen"]
[Result "0-1"]
[WhiteElo "2434"]
[BlackElo "2351"]
[PlyCount "80"]
[EventDate "2009.??.??"]

1. e4 d5 2. exd5 Qxd5 3. Nc3 Qa5 4. d4 Nf6 5. Bc4 Bg4 6. f3 Bh5 7. Nge2 Nc6 8.
Bd2 O-O-O 9. a3 Nxd4 10. Nxd4 Rxd4 11. Nb5 Qb6 12. Nxd4 Qxd4 13. Qe2 Qxb2 14.
O-O e6 15. Rab1 Bc5+ 16. Be3 Qe5 17. Bxc5 Qxc5+ 18. Kh1 Rd8 19. Rfd1 Rd6 20.
Rxd6 cxd6 21. Rb4 d5 22. Bd3 Qc3 23. Qf2 b6 24. g4 Qxa3 25. Qe1 Bg6 26. Rb3 Qd6
27. Ba6+ Kd8 28. Qc3 Qc7 29. Qb4 Qxc2 30. Rc3 Qb1+ 31. Qxb1 Bxb1 32. Rc8+ Kd7
33. Ra8 Kc6 34. Rxa7 Bg6 35. Kg2 b5 36. Bc8 d4 37. Kf2 Nd5 38. Ke2 b4 39. Bd7+
Kb6 40. Ra8 b3 0-1

[Event "Münsterland Open"]
[Site "Senden"]
[Date "2009.10.14"]
[Round "6.2"]
[White "Lehmann, Holger"]
[Black "Karpatchev, Aleksandr"]
[Result "1/2-1/2"]
[WhiteElo "2188"]
[BlackElo "2477"]
[PlyCount "113"]
[EventDate "2009.??.??"]

1. c4 e5 2. g3 Nf6 3. Bg2 c6 4. d4 exd4 5. Qxd4 Na6 6. Nf3 Bc5 7. Qe5+ Be7 8.
O-O O-O 9. Nc3 Re8 10. Rd1 d6 11. Qf4 Nc5 12. Nd4 Ne6 13. Qd2 Nxd4 14. Qxd4 Be6
15. Bf4 Qa5 16. a3 Qh5 17. Bxd6 Bxd6 18. Qxd6 Bxc4 19. Bf3 Qe5 20. Qxe5 Rxe5
21. Rd4 Ba6 22. Rad1 Kf8 23. b4 Rc8 24. Rd8+ Rxd8 25. Rxd8+ Re8 26. Rd2 Bc4 27.
a4 a6 28. Rd4 Be6 29. b5 c5 30. Rd2 axb5 31. Nxb5 Bb3 32. Bxb7 Bxa4 33. Nc3 Bb3
34. Bc6 Rc8 35. Ba4 Be6 36. Kg2 Ke7 37. h3 Rb8 38. e4 Rb4 39. f3 Rc4 40. Rd3
Rb4 41. g4 Rb2+ 42. Kg3 Bc4 43. Rd1 Bb3 44. Bxb3 Rxb3 45. Nd5+ Nxd5 46. Rxd5
Rc3 47. h4 Ke6 48. h5 Rc1 49. Kf4 c4 50. Ke3 c3 51. Kd3 c2 52. Rc5 Rf1 53. Rxc2
Rxf3+ 54. Kd4 Rg3 55. h6 g6 56. Rc6+ Kd7 57. Ra6 1/2-1/2

[Event "Münsterland Open"]
[Site "Senden"]
[Date "2009.10.14"]
[Round "6.4"]
[White "Freitag, Julia"]
[Black "Torres-Kuckel, Rafael"]
[Result "0-1"]
[WhiteElo "2202"]
[BlackElo "2257"]
[PlyCount "110"]
[EventDate "2009.??.??"]

1. d4 Nf6 2. e3 g6 3. f4 Bg7 4. Nf3 d6 5. Bc4 O-O 6. O-O b6 7. Qe2 Bb7 8. Nbd2
c5 9. c3 Nbd7 10. e4 d5 11. exd5 Nxd5 12. Nb3 cxd4 13. Nbxd4 e6 14. Bb3 Nc5 15.
Ne5 Rc8 16. Qg4 Nxb3 17. axb3 Nf6 18. Qh3 a6 19. Be3 Nd5 20. Bd2 Qc7 21. Rae1
Rfe8 22. Kh1 b5 23. Qg3 Rcd8 24. Re2 Nf6 25. Qh3 Ne4 26. Be1 Bxe5 27. fxe5 Qxe5
28. Bh4 Qh5 29. Re3 g5 30. Be1 Qxh3 31. Rxh3 Kg7 32. Kg1 h6 33. Re3 Kg6 34. Re2
f5 35. Rc2 e5 36. Ne2 Rd1 37. c4 bxc4 38. bxc4 Nc5 39. Rc3 Red8 40. Rc1 Rxc1
41. Nxc1 Nd3 42. Ba5 Rd7 43. Rd1 e4 44. Nxd3 exd3 45. Kf2 f4 46. Bc3 g4 47. Re1
f3 48. g3 h5 49. Re6+ Kf7 50. Re1 Bc6 51. Bd2 Ba4 52. Re5 Rd4 53. c5 Rc4 54.
Bc3 Rxc3 55. Ke3 Rb3 0-1

[Event "Münsterland Open"]
[Site "Senden"]
[Date "2009.10.14"]
[Round "6.5"]
[White "Chilla, Jan Eric"]
[Black "Steinle, Carsten"]
[Result "1-0"]
[WhiteElo "2055"]
[BlackElo "2120"]
[PlyCount "91"]
[EventDate "2009.??.??"]

1. d4 Nf6 2. c4 e6 3. Nc3 d5 4. cxd5 exd5 5. Bg5 Be7 6. e3 O-O 7. Bd3 Re8 8.
Nge2 Nbd7 9. Qc2 c5 10. O-O h6 11. Bxf6 Nxf6 12. dxc5 Bxc5 13. Nb5 Bb6 14. Rac1
Bg4 15. b4 Qe7 16. Qb2 Bxe2 17. Bxe2 Bxe3 18. Rc7 Qe6 19. fxe3 Qxe3+ 20. Rf2 a6
21. Nd6 Re6 22. Nf5 Qb6 23. Rc5 Rae8 24. Bf1 Re5 25. Bd3 g6 26. Nd4 Re3 27. Qd2
Qd6 28. h3 Qg3 29. Nf3 g5 30. Rc8 Rxc8 31. Qxe3 g4 32. Qe5 Rc1+ 33. Rf1 Rxf1+
34. Kxf1 Qxe5 35. Nxe5 gxh3 36. gxh3 Kg7 37. a4 Nh5 38. Nd7 Nf4 39. Be2 Ne6 40.
Nc5 Nxc5 41. bxc5 Kf6 42. Kf2 Ke5 43. a5 f5 44. h4 Ke6 45. Ke3 Ke5 46. Bf3 1-0

[Event "Münsterland Open"]
[Site "Senden"]
[Date "2009.10.14"]
[Round "6.6"]
[White "Seegers, Hendrik"]
[Black "Koke, Christoph"]
[Result "1-0"]
[WhiteElo "2241"]
[BlackElo "2076"]
[PlyCount "87"]
[EventDate "2009.??.??"]

1. d4 Nf6 2. Nf3 b6 3. Bf4 Bb7 4. e3 e6 5. Bd3 c5 6. Nbd2 Nc6 7. c3 cxd4 8.
exd4 Be7 9. h3 d6 10. Qe2 Qc7 11. O-O O-O 12. Rfe1 Rfe8 13. Rad1 Qd7 14. Ng5 a6
15. Nde4 Nxe4 16. Bxe4 Bxg5 17. Bxg5 Ne7 18. Bd3 b5 19. Qh5 Ng6 20. Qg4 Rac8
21. h4 Nf8 22. h5 f5 23. Qh3 Qf7 24. Bf4 d5 25. Re3 Nd7 26. Rde1 Nf6 27. Be2
Bc6 28. Be5 Nd7 29. Qh4 Nxe5 30. Rxe5 Rc7 31. Bd3 Rcc8 32. R1e3 Rb8 33. Rf3 Qd7
34. g4 fxg4 35. Qxg4 Re7 36. Rfe3 Rbe8 37. Qg5 a5 38. a3 Qd6 39. f4 b4 40. axb4
axb4 41. Rg3 bxc3 42. Qh6 Rf7 43. Reg5 Kf8 44. Rxg7 1-0

[Event "Münsterland Open"]
[Site "Senden"]
[Date "2009.10.14"]
[Round "6.7"]
[White "Schalla, Dieter"]
[Black "Korth, Daniel"]
[Result "1/2-1/2"]
[WhiteElo "2092"]
[BlackElo "2239"]
[PlyCount "33"]
[EventDate "2009.??.??"]

1. c4 c6 2. Nf3 Nf6 3. g3 d5 4. cxd5 cxd5 5. d4 Nc6 6. Bg2 e6 7. O-O Be7 8. Nc3
O-O 9. Re1 b6 10. Ne5 Bb7 11. Bf4 Rc8 12. Rc1 Na5 13. h3 Nh5 14. Bd2 Nf6 15.
Bf4 Bb4 16. Bd2 Be7 17. Bf4 1/2-1/2

[Event "Münsterland Open"]
[Site "Senden"]
[Date "2009.10.14"]
[Round "6.8"]
[White "Meyer, Ulrich"]
[Black "Wittenberg, Andreas"]
[Result "1/2-1/2"]
[WhiteElo "2043"]
[BlackElo "2188"]
[PlyCount "79"]
[EventDate "2009.??.??"]

1. e4 e6 2. d3 d5 3. Nd2 Nf6 4. Ngf3 b6 5. g3 dxe4 6. dxe4 Bb7 7. Bd3 Nbd7 8.
Qe2 Bc5 9. c3 a5 10. b3 O-O 11. O-O Ng4 12. Nc4 h6 13. a3 f5 14. Nd4 Nde5 15.
Bc2 Qf6 16. h3 Nxc4 17. Qxc4 Bxd4 18. Qxd4 Ne5 19. f4 Nc6 20. Qxf6 Rxf6 21. e5
Rff8 22. Be3 Rfd8 23. Rad1 Ne7 24. c4 Ba6 25. Rxd8+ Rxd8 26. Rd1 Rxd1+ 27. Bxd1
Kf7 28. Kf2 Ke8 29. Bd2 Kd7 30. Bc3 Kc6 31. Be2 Kd7 32. Ke3 Bb7 33. b4 axb4 34.
Bxb4 c5 35. Bc3 Be4 36. Bd1 Bg2 37. Ba4+ Kc7 38. h4 Bf1 39. Bb5 Nc6 40. Kf2
1/2-1/2

[Event "Münsterland Open"]
[Site "Senden"]
[Date "2009.10.14"]
[Round "6.9"]
[White "Günnigmann, Manuel"]
[Black "Wessel, Johannes"]
[Result "1-0"]
[WhiteElo "2158"]
[BlackElo "1844"]
[PlyCount "43"]
[EventDate "2009.??.??"]

1. e4 c5 2. Nf3 d6 3. d4 cxd4 4. Nxd4 Nf6 5. Nc3 g6 6. Be3 Bg7 7. f3 O-O 8. Qd2
Nc6 9. Bc4 Bd7 10. O-O-O Rc8 11. Bb3 Ne5 12. Kb1 Nc4 13. Bxc4 Rxc4 14. g4 b5
15. b3 Rc5 16. Ne6 fxe6 17. Bxc5 dxc5 18. e5 Nd5 19. Nxd5 Bxe5 20. Nxe7+ Qxe7
21. Qxd7 Qf6 22. g5 1-0

[Event "Münsterland Open"]
[Site "Senden"]
[Date "2009.10.14"]
[Round "6.10"]
[White "Sundorf, Jannik"]
[Black "Stöckmann, Helmut"]
[Result "1/2-1/2"]
[WhiteElo "1710"]
[BlackElo "2137"]
[PlyCount "26"]
[EventDate "2009.??.??"]

1. d4 Nf6 2. c4 e6 3. Nf3 Bb4+ 4. Nbd2 b6 5. g3 Bb7 6. Bg2 O-O 7. O-O d5 8.
cxd5 exd5 9. Ne5 Nbd7 10. Ndf3 Bd6 11. Bf4 Qe7 12. Rc1 c5 13. Nxd7 Nxd7 1/2-1/2

[Event "Münsterland Open"]
[Site "Senden"]
[Date "2009.10.15"]
[Round "7.1"]
[White "Poetsch, Hagen"]
[Black "Torres-Kuckel, Rafael"]
[Result "1/2-1/2"]
[WhiteElo "2351"]
[BlackElo "2257"]
[PlyCount "51"]
[EventDate "2009.??.??"]

1. d4 d6 2. e4 Nf6 3. Nc3 e5 4. Nf3 Nbd7 5. g4 Nxg4 6. Rg1 Nb6 7. h3 exd4 8.
Qxd4 Nf6 9. Bf4 Be6 10. O-O-O Qd7 11. a4 a6 12. a5 Nc8 13. Qe3 Nh5 14. Bh2 g6
15. Nd4 Ne7 16. Bg2 Nc6 17. Nxc6 bxc6 18. Bf3 Ng7 19. Qd4 Bxh3 20. Rge1 Be6 21.
Nd5 cxd5 22. exd5 Rb8 23. dxe6 fxe6 24. Qf6 Be7 25. Qc3 O-O 26. Bc6 1/2-1/2

[Event "Münsterland Open"]
[Site "Senden"]
[Date "2009.10.15"]
[Round "7.2"]
[White "Karpatchev, Aleksandr"]
[Black "Chilla, Jan Eric"]
[Result "1-0"]
[WhiteElo "2477"]
[BlackElo "2055"]
[PlyCount "53"]
[EventDate "2009.??.??"]

1. e4 c5 2. c3 Nf6 3. e5 Nd5 4. Nf3 Nc6 5. Bc4 Nb6 6. Bb3 g6 7. d4 cxd4 8. Ng5
d5 9. exd6 e6 10. Qf3 Ne5 11. Qg3 Bxd6 12. Ne4 Nec4 13. Qd3 Ne5 14. Qxd4 Bc7
15. Qxd8+ Bxd8 16. O-O Nd3 17. Bh6 f5 18. Nd6+ Ke7 19. Rd1 Kxd6 20. Rxd3+ Kc6
21. Na3 Be7 22. Nc2 e5 23. Nb4+ Bxb4 24. cxb4 e4 25. Rc1+ Kb5 26. Rc5+ Kxb4 27.
Rdc3 1-0